00534 2200205 4500001002100000005001500021035002000036245004300056250002000099300002600119264004700145336002200192337002000214338002700234082001000261084001600271020002200287600001000309990000900319INLIS00000000000222120260206100351 a0010-02260000531 aMaaf Aku Su'uzhan Padamu /cOwen Putra aCetakan Pertama a220 hlm :b- ;c21 cm aJakarta :bPT Elex Media Komputindo,c2015 2rdacontentaAgama 2rdamediaaFisik 2rdacarrieraHard Cover a297.5 a297.5 OWE m a978-602-02-5878-2 4aAgama a6570